00973nas a2200253Ia 4500001001600000003001000016008004100026040002500067041001200092100002000104210003300124222003300157240010000190245010000290250001100390260000900401501012300410300001600533362003300549500005600582650003200638700002400670700002500694A01/R004-48729 IT-MiCISF161014c99999999xx |||||||||||| ||und|| aIT-MiCISFcIT-MiCISF aINGLESE aBaucom Brian R. aJournal of Family Psychology aJournal of Family Psychology aGender Topic and Time in Observed Demand-Withdraw Interaction in Cross - and Same - Sex Couples 0aGender Topic and Time in Observed Demand-Withdraw Interaction in Cross - and Same - Sex Couples a1a ed. c2010 bCISF - Centro Internazionale Studi Famiglia - Via Giotto, 36 20145 MILANO (non commercial uses only)cCopyright 2016 app. 233-242 avol. 24, n. 3, giugno [2010] a Tema: coppia, omosessualità€, relazione-di-coppia aFAMIGLIA - coppiavarticolo a Christensen Andrew a McFarland Pamela T.